000 00387nam a2200157Ia 4500
008 151213s9999 xx 000 0 und d
100 _aIfor Evans
245 _aA Short History of English Literature
_cIfor Evans
250 _a4th
260 _aEnhland
_bPanguing Book
_c1976
300 _a4299 p.
650 _aEnglish
650 _aLiterature
700 _aIfor Evans
999 _c2713
_d2713